Giáo trình công nghệ môi trường đại cương

Với mục tiêu, đối tượng như trên và với thời lượng giảng dạy cho phép, các nội dung cần thiết được trình bày trong bảy chương: chương 1 giới thiệu ngành công nghệ môi trường và mối quan hệ của nó đối với các ngành khoa học khác; chưo...

Cur síos iomlán

Đã lưu trong:
Sonraí Bibleagrafaíochta
Príomhúdar: Phạm, Văn Toàn
Formáid: Leabhar
Teanga:Undetermined
Foilsithe: Cần Thơ Nxb. Đại học Cần Thơ 2017
Ábhair:
Clibeanna: Cuir Clib Leis
Gan Chlibeanna, Bí ar an gcéad duine leis an taifead seo a chlibeáil!
Thư viện lưu trữ: Trung tâm Học liệu Trường Đại học Cần Thơ
LEADER 01793nam a2200217Ia 4500
001 CTU_221907
008 210402s9999 xx 000 0 und d
020 |c 59000 
082 |a 628.44 
082 |b T406 
100 |a Phạm, Văn Toàn 
245 0 |a Giáo trình công nghệ môi trường đại cương 
245 0 |c Phạm Văn Toàn, Kim Lavane, Lê Hoàng Việt (biên soạn) 
260 |a Cần Thơ 
260 |b Nxb. Đại học Cần Thơ 
260 |c 2017 
520 |a Với mục tiêu, đối tượng như trên và với thời lượng giảng dạy cho phép, các nội dung cần thiết được trình bày trong bảy chương: chương 1 giới thiệu ngành công nghệ môi trường và mối quan hệ của nó đối với các ngành khoa học khác; chương 2 đề cập đến một số kiến thức về sinh thái học làm cơ sở khoa học cho các hoạt động bảo vệ môi trường; chương 3 nêu các xáo trộn của hệ sinh thái do các hoạt động tự nhiên và nhân tạo, và sự ô nhiễm môi trường do các hoạt động này gây ra; từ chương 4 đến chương 7 các vấn đề về ô nhiễm của các môi trường chuyên biệt như nước, không khí, đất và các quan điểm quản lý, các giải pháp xử lý sẽ được trình bày. 
650 |a Refuse and refuse disposal,Rác và xử lý rác,Rác và xử lý rác,Technology 
650 |x Environmental aspects 
904 |i Trọng Hải 
980 |a Trung tâm Học liệu Trường Đại học Cần Thơ